000 00220nam a22001097a 4500
040 _cSP
082 _a333
100 _aCHAY KONGKRUY
245 _aEnvironmental Impact Assessment
260 _aRUA
_bCHA
_c2012
942 _cEK
999 _c8559
_d8559